000 00974nam a2200277 i 4500
003 CO-BoRNBP
005 20250123084452.0
007 ta
008 250123s2024 Uy a|||| |||| 00| 0 spa d
020 _a9789974885288
040 _aCO-BoRNBP
_bspa
_cCO-BoRNBP
_erda
041 _aspa
084 _aC LEE
100 _aLee, Andy
_eautor
_957665
245 1 0 _aPor favor no abrir este libro
_b¡vete a leer otra cosa!/
_cAndy Lee; ilustraciones, Heath McKenzie; adaptación al español, León Alchalel y Moisés Salama
250 _aPrimera edición
264 4 _aMontevideo, Uruguay
_bLatinbooks
_c2024
300 _a24 páginas,
_bilustraciones a color, tapa dura,
_calto 28 cm ancho 24 cm
336 _2rdacontent
_atexto
_btxt
337 _2rdamedia
_asin mediación
_bn
338 _2rdacarrier
_avolumen
_bnc
650 _2LEMB
_aLiteratura infantil
_92746
650 _2LEMB
_aCuento infantil
_916411
650 _2LEMB
_aAmigos
_vDiversión
_957666
942 _2ddc
_cBKINF
999 _c56812
_d56812